Регионална библиотека "Любен Каравелов" - Русе

Faust (Запис номер 343544)

MARC детайли
000 -Лидер
Контролно поле с фиксирана дължина 01106nam a2200313 c 4500
003 - Код на организацията, давaща контролен номер
Контролно поле BLK
005 - Дата и час на последна редакция
Контролно поле 20191017124918.0
008 - Елементи от данни с фиксирана дължина
fixed length control field 180911b bul|||||r ||||||| ||bul||
010 ## - Наследен системен номер
LC control number 003205
040 ## - Източник на каталожния запис
Идентификатор на билиотеката - собственик на записа BLK
041 ## - Код за език
Код за езика на текст/звукозапис или на отделно заглавие Немски
Код за езика КДБФ Български
080 ## - УДК
УДК - код + определител 830-12830-12.09
100 1# - Редна дума - Автор
Автор GOETHE, Johan
Авторска отговорност първи автор
R(LIN) 400669
245 00 - Сведения за заглавието
Заглавие Faust
Том Bd. 1
Заглавие на том Der Tragodie erster und zweiter Teil ; Urfaust ; Entwurfe und Skizzen
246 ## - Различни форми на заглавието
Наименование на поредна част от произведението драма-трагедии в стихове
260 ## - Област на издателските данни
Място на издаване, разпространение и проч. Leipzig
Име на издателя, разпространителя и проч. Max Hess
Година на издаване 1906
300 ## - Физическа характеристика
Размери/Мащаб 17 см
380 ## - Жанр
Жанр Литературознание
490 ## - СЕРИИ (Колекции)
Име на серия Частна колекция - Академик Михаил Арнаудов
Бележки за серията Дарение - Основен фонд
505 ## - Форматирана забележка
Заглавие Der Tragodie erster und zweiter Teil
505 ## - Форматирана забележка
Заглавие Urfaust
505 ## - Форматирана забележка
Заглавие Entwurfe und SkizzenKommentar und Erleuterungen
653 ## - Ключова дума – ненормативна
Ключова дума драма
653 ## - Ключова дума – ненормативна
Ключова дума трагедии в стихове
655 ## - Ключова дума – жанр/разновидност
Данни за жанр/разновидност или ключова дума за фокус немска литература
700 1# - Други автори (авторска отговорност)
Лично име J. Goethe
9 (RLIN) 400670
760 ## - Описание на основната серия
Страници - том 434 с.
Заглавие Der Tragodie erster und zweiter Teil ; Urfaust ; Entwurfe und Skizzen
852 ## - Местоположение
Форматна сигнатура МА 1066
999 ## - СИСТЕМНИ КОНТРОЛНИ НОМЕРА
Koha biblionumber 343544
Koha biblioitemnumber 343544
942 ## - АРТИКУЛИ
Вид на библиотечния материал Книги
Скрит в OPAC Не
Периодичен библиозапис Да
944 ## - СЪЗДАВАНЕ И РЕДАКЦИЯ на ЗАПИСА
Създаване/Редакция Създаване
Дата на регистрацията/редакция 1996
Служител, извършил регистрацията/редакцията ValK
999 ## - СИСТЕМНИ КОНТРОЛНИ НОМЕРА
Koha biblioitemnumber 343544
Наличности
Код за отписване Код за изгубен артикул Източник на класификационната схема Код за повреда Коз за рестрикции Код за отдаване Артикулен № Име на библиотеката - собственик Име на библиотеката, в която се намира в момента Статус (Текущо местоположение) Местоположение - отдел Цена в лева Номерация (Хронология) Инвентарен номер Систематично азбучна сигнатура Баркод Номер на екземпляра Цена в евро Служебен тип на артикула
  Не е изгубен Universal Decimal Classification Не е повреден без рестрикции Специални фондове ( старопечатни, редки и ценни, фонд М. Арнаудов) 743783 Регионална библиотека "Любен Каравелов" Русе Регионална библиотека "Любен Каравелов" Русе Фонд "Михаил Арнаудов" Фонд "Михаил Арнаудов" 30.00   588091 МА 1066 120000588091 1 15.34 Книги
Vip Innovations Ltd, Rousse, Bulgaria 2025